Conferencia sobre políticas de empleo y capacitación de jóvenes en América Latina /
Enregistré dans:
| Collectivités auteurs: | , , , , |
|---|---|
| Format: | Actes de congrès Livre |
| Langue: | Spanish |
| Publié: |
Belo Horizonte, Brasil:
CINTERFOR;
1989.
|
| Sujets: | |
| Tags: |
Ajouter un tag
Pas de tags, Soyez le premier à ajouter un tag!
|
MARC
| LEADER | 00000nam a2200000 4500 | ||
|---|---|---|---|
| 003 | cru IIS | ||
| 005 | 20220307112608.0 | ||
| 008 | 220307b1989 bl ||||| |||| 00| 0 spa d | ||
| 040 | |a Centro de Recursos para el Aprendizaje y la Investigación |b español |c cru IIS | ||
| 090 | |a 13.01.03 C575c | ||
| 110 | |9 10264 |a Centro Interamericano para el Desarrollo del Conocimiento en la Formación Profesional (OIT/CINTERFOR) |c | ||
| 245 | 1 | |a Conferencia sobre políticas de empleo y capacitación de jóvenes en América Latina / |c CINTERFOR/OIT; CELAJU; MINED; PREALC/OIT; OREALC/UNESCO; ICI/IJ | |
| 260 | |a Belo Horizonte, Brasil: |b CINTERFOR; |c 1989. | ||
| 300 | |a 8 páginas | ||
| 500 | |a Colección Centroamérica | ||
| 650 | 0 | 0 | |0 TESAUROS |9 3672 |a POLITICA DE EMPLEO |
| 650 | 0 | 0 | |0 tesauros |9 292 |a CAPACITACION |
| 650 | 0 | 0 | |9 3232 |a JOVENES |
| 651 | 0 | |9 17 |a AMERICA LATINA | |
| 710 | |9 10265 |a Centro Latinoamericano sobre Juventud (CELAJU) | ||
| 710 | |9 10266 |a MINED | ||
| 710 | |9 10267 |a PREALC/OIT | ||
| 711 | |9 10268 |a Oficina Regional de Educación para América Latina y el Caribe (OREALC/UNESCO) | ||
| 852 | 1 | 1 | |a 13.01.03 C575c |
| 942 | |2 ddc |c LI |h 13.01.03 C575c |k 13.01.03 |m C575c |6 130103_C575C | ||
| 999 | |c 44117 |d 44117 | ||
